| 000 | 00821nam a22002417a 4500 | ||
|---|---|---|---|
| 999 |
_c1568 _d1568 |
||
| 003 | AR-CdUCM | ||
| 008 | 190227b ||||| |||| 00| 0 spa d | ||
| 040 |
_aMUNICIPALIDAD PROVINCIAL DEL CUSCO _cBIBLIOTECA MUNICIPAL DEL CUSCO |
||
| 082 |
_a860 / _bD68 |
||
| 100 |
_aDiaz Plaja, Guillermo _92681 |
||
| 245 | _aEspaña en su Literatura / | ||
| 260 |
_aEspaña : _bAlianza ; _bSalvat Editores ; _c1969. |
||
| 300 |
_a182 páginas _c18cm |
||
| 440 |
_aLibros RTV _n30 _95876 |
||
| 505 | _aLa Literatura Medieval -- Del Renacimiento al Barroco -- Del Neoclasicismo a la Contemporaneidad | ||
| 650 |
_aMedieval _95877 |
||
| 650 |
_aIdealismo religioso _95878 |
||
| 650 |
_aLiteratura romance _95879 |
||
| 650 |
_aMundo poético _95880 |
||
| 650 |
_aEdad de Oro _9870 |
||
| 942 |
_2ddc _cLIBROS |
||
| 945 |
_anom _d2019-02-27 |
||